Statystyki dla Jak dobrze znasz 1 sezon Wiedźmina.

Kliknij tutaj aby rozwiązać quiz!

Ogólne statystyki

  • Ten quiz został rozwiązany 92 razy
  • Średni wynik to 13 z 20

Statystyki odpowiedzi

ZagadnienieOdpowiedź% Poprawnych
Pod kogo podszywa się doppler próbujący porwać Ciri?Myszowora
90%
Jak nazywał się czarodziej którego chciała zabić Renfri?Stregobor
86%
Czego bronił smok?jaja
84%
Czyja córka zamieniła się w strzyge?Foltesta
81%
Gdzie Geralt zabił Renfri?W Blaviken
81%
Kto porwał Geralta i Jaskra?Elfy
79%
Z jakim potworem Geralt walczy na początku?Kikimorą
78%
Co było celem Yennefer w wyprawie na smoka?Odzyskanie płodności
78%
Jak nazywał się las w którym Ciri spotkała driady?Brokilon
77%
Jakim potworem był Diabeł?Silvanem
73%
Jak miał na imie elf, który pomagał Ciri?Dara
68%
Co robił Geralt z Jaskrem przed złapaniem Dżina?Łowili ryby
64%
Za ile sprzedana została Yennefer?cztery marki
62%
Gdzie Geralt Spotkał Yennefer?Rinde
58%
Jakiej czarodziejce udało się złapać błyskawice do butelki?Sabrinie
56%
Co Geralt przyniósł Yennefer przy pierwszym spotkaniu?Sok jabłokowy
56%
W co Tissaia zamieniała uczennice?W Żmije
48%
Kto dowodził czarodziejami w bitwie pod Sodden?Vilgefortz z Roggeveen
41%
Jakie imiona nosiły towarzyszki Borcha Trzy Kawki?Tea i Vea
40%
Jakim pytaniem Ciri zdemaskowała dopplera?"Brakuje ci zimna?"
34%

Rozkład punktacji

Percentyl według liczby udzielonych odpowiedzi

Procent ludzi z każdym wynikiem

Twoja historia wyników

Nie rozwiązałeś tego quizu